Advanced mathematics for engineers and scientists, vol. I (Record no. 33572)
[ view plain ]
| 000 -LEADER | |
|---|---|
| fixed length control field | 00538nam a2200145 a 4500 |
| 008 - FIXED-LENGTH DATA ELEMENTS--GENERAL INFORMATION | |
| fixed length control field | 120416s1992 ||||||||||||||||| || u |
| 050 ## - LIBRARY OF CONGRESS CALL NUMBER | |
| Classification number | TA 330 Sha |
| 100 ## - MAIN ENTRY--PERSONAL NAME | |
| Personal name | Sharma, G. S |
| 245 10 - TITLE STATEMENT | |
| Title | Advanced mathematics for engineers and scientists, vol. I |
| 260 ## - PUBLICATION, DISTRIBUTION, ETC. | |
| Place of publication, distribution, etc. | New Delhi |
| Name of publisher, distributor, etc. | CBS Publishers & Distributors |
| Date of publication, distribution, etc. | 1992 |
| 300 ## - PHYSICAL DESCRIPTION | |
| Extent | in various pagings |
| 350 ## - PRICE (NR) (BK AM CF MU VM SE) [OBSOLETE] | |
| Price | 0.00 |
| 700 ## - ADDED ENTRY--PERSONAL NAME | |
| Personal name | Sarna, I. J. S |
| 995 ## - RECOMMENDATION 995 [LOCAL, UNIMARC FRANCE] | |
| -- | 0.00 |
| -- | CBU-MAIN LIBRARY (Kitwe) |
| -- | 1 |
| -- | 55.00 |
| -- | DAMAGED |
| -- | Main Library Open Access Collection |
| Withdrawn status | Lost status | Source of classification or shelving scheme | Damaged status | Not for loan | Collection code | Home library | Current library | Date acquired | Full call number | Barcode | Date last seen | Price effective from | Koha item type |
|---|---|---|---|---|---|---|---|---|---|---|---|---|---|
| Damaged | BINDERY (DAMAGED) | CBU-MAIN LIBRARY, KITWE. | CBU-MAIN LIBRARY, KITWE. | 11/30/2022 | TA 330 Sha | 021800 | 11/30/2022 | 11/30/2022 | MONOGRAPH |